[Event "Medellin Region 1601/1800"]
[Site "Medellin"]
[Date "2010.02.23"]
[Round "4.16"]
[White "Vallejo, Diego"]
[Black "Saldarriaga, Mario Alberto"]
[Result "1-0"]
[WhiteElo "1670"]
[BlackElo "1546"]
[PlyCount "63"]
[EventDate "2010.02.17"]
[EventType "swiss"]
[EventRounds "7"]
[EventCountry "COL"]
[SourceTitle "EXT 2024"]
[Source "ChessBase"]
[SourceDate "2023.10.10"]
[SourceVersion "1"]
[SourceVersionDate "2023.10.10"]
[SourceQuality "1"]

1. e4 e5 2. Nf3 Nf6 3. Nxe5 d6 4. Nf3 Nxe4 5. Nc3 Nxc3 6. dxc3 Bg4 7. h3 Bh5 8. Qd5 Bxf3 9. Qxf3 Nc6 10. Bb5 Be7 11. Bxc6+ bxc6 12. Qxc6+ Kf8 13. 0-0 Rb8 14. Qa4 Rb7 15. Qe4 Qb8 16. Re1 c5 17. b3 Qc7 18. Bb2 g6 19. c4 Rg8 20. Re2 Qd7 21. Rae1 h5 22. Qe3 g5 23. Qd3 Qc6 24. Qh7 g4 25. Rxe7 Rxe7 26. Rxe7 Kxe7 27. Qxg8 gxh3 28. Qg5+ Ke8 29. gxh3 Qf3 30. Qe3+ Qxe3 31. fxe3 f5 32. Kg2 1-0

[Event "Antioquia Region-ch U1800"]
[Site "Medellin"]
[Date "2009.09.??"]
[Round "5.9"]
[White "Polo, Salomon"]
[Black "Saldarriaga, Mario Alberto"]
[Result "1-0"]
[WhiteElo "1615"]
[BlackElo "1629"]
[PlyCount "79"]
[EventDate "2009.09.08"]
[EventType "tourn"]
[EventRounds "7"]
[EventCountry "COL"]
[SourceTitle "EXT 2024"]
[Source "ChessBase"]
[SourceDate "2023.10.10"]
[SourceVersion "1"]
[SourceVersionDate "2023.10.10"]
[SourceQuality "1"]

1. d4 Nf6 2. c4 g6 3. Nc3 Bg7 4. e4 0-0 5. Nf3 d6 6. h3 c5 7. d5 Nbd7 8. Bd3 Ne8 9. Ne2 Ne5 10. Nxe5 Bxe5 11. f4 Bg7 12. Rb1 f5 13. 0-0 fxe4 14. Bxe4 Bf5 15. Ng3 Bxe4 16. Nxe4 Bd4+ 17. Kh1 Qd7 18. b3 Nf6 19. Ng5 Qf5 20. Bb2 Bxb2 21. Rxb2 Qd7 22. Ne6 Rf7 23. f5 a5 24. a4 b6 25. fxg6 hxg6 26. Rbf2 Rc8 27. Qd3 Rg7 28. g4 g5 29. Qf5 Qe8 30. Nxg7 Kxg7 31. Qxg5+ Qg6 32. Qxg6+ Kxg6 33. Re2 Rh8 34. Kg2 Rh7 35. Re6 Kg5 36. Kg3 Rg7 37. Rf5+ Kg6 38. Kf4 Kh7 39. Rfxf6 exf6 40. Rxd6 1-0